[Event "XXXI Coppa d'Oro"]
[Site "Villa Guardia ITA"]
[Date "2013.11.01"]
[Round "1"]
[White "Ambrosoli, Nadia Manuela"]
[Black "Ronconi, Fausto"]
[WhiteElo "1414"]
[BlackElo "1678"]
[Result "0-1"]
[PlyCount "96"]
[EventDate "2013.11.01"]

1. d4 d5 2. Nc3 e6 3. Nf3 Nf6 4. Bg5 Be7 5. e3 O-O 6. Bd3 Nbd7 7. O-O c5 8. b3
a6 9. a4 cxd4 10. exd4 Qc7 11. Ne2 Bd6 12. Ng3 h6 13. Be3 e5 14. dxe5 Nxe5 15.
Rc1 Bg4 16. Be2 Nxf3+ 17. Bxf3 Bxf3 18. Qxf3 Ba3 19. Rcd1 Qxc2 20. Bd4 Bb2 21.
Bxf6 Bxf6 22. Rxd5 Rac8 23. Nh5 Rc6 24. Rf5 Bc3 25. Rd5 Qxb3 26. Rd3 Qb4 27.
Rfd1 Bf6 28. Nxf6+ Rxf6 29. Qe2 Re6 30. Qd2 Qxd2 31. R3xd2 b5 32. axb5 axb5 33.
Rb1 Rb8 34. Rdb2 Kf8 35. Kf1 Reb6 36. Rb4 f5 37. h3 Ke7 38. g4 Kf6 39. Rf4 g6
40. Kg2 b4 41. Kg3 b3 42. Rb2 Rb4 43. Rf3 R8b5 44. Rc3 Rb6 45. f4 fxg4 46. hxg4
h5 47. g5+ Kf5 48. Kf3 Rxf4+ 0-1

[Event "XXXI Coppa d'Oro"]
[Site "Villa Guardia ITA"]
[Date "2013.11.01"]
[Round "1"]
[White "Bernasconi, Roberto"]
[Black "Mason, Giovanni"]
[WhiteElo "1939"]
[BlackElo "1580"]
[Result "1-0"]
[PlyCount "141"]
[EventDate "2013.11.01"]

1. e4 c5 2. Nf3 Nc6 3. Bb5 e6 4. Bxc6 bxc6 5. d3 d5 6. O-O Ne7 7. Nbd2 Ng6 8.
Nb3 Qc7 9. Be3 d4 10. Bd2 a5 11. a4 Bd6 12. Qe1 e5 13. Nxa5 O-O 14. Nc4 f5 15.
Ba5 Qe7 16. Nfd2 f4 17. f3 Bc7 18. Nb3 Bd6 19. Nxd6 Qxd6 20. Bb6 Rf6 21. Bxc5
Qd8 22. Qb4 h5 23. Kf2 Kh7 24. Nd2 Rf7 25. g3 fxg3+ 26. hxg3 Qg5 27. Rae1 Rb7
28. Bb6 Rxb6 29. Qxb6 Qxd2+ 30. Re2 Qa5 31. Qxc6 Qxa4 32. Qd5 Ra5 33. Qd8 Rc5
34. Qg5 Qe8 35. Qxh5+ Kg8 36. f4 Qf7 37. f5 Nh8 38. Qg5 Qf6 39. Qh5 Qf7 40. Rh1
Qxh5 41. Rxh5 Nf7 42. g4 g6 43. Rh1 Kg7 44. Kg3 g5 45. Ra1 Rc6 46. Rd2 Ra6 47.
Rdd1 Rc6 48. Rdc1 Kf8 49. Ra5 Ke7 50. c4 Rb6 51. Rb1 Kd7 52. b4 Ra6 53. Rba1
Rxa5 54. Rxa5 Bb7 55. Ra2 Kd6 56. Rh2 Bc6 57. Kf2 Ke7 58. Ke1 Kd6 59. Kd2 Ba4
60. Rh7 Be8 61. Kc2 Ke7 62. Kb3 Kf8 63. b5 Kg8 64. Rh1 Kg7 65. Kb4 Kf8 66. c5
Ke7 67. Ka5 Kd7 68. Ka6 Kd8 69. b6 Kc8 70. b7+ Kb8 71. Kb6 1-0

[Event "XXXI Coppa d'Oro"]
[Site "Villa Guardia ITA"]
[Date "2013.11.01"]
[Round "1"]
[White "Cairoli, Fabio"]
[Black "Corti, Filippo"]
[WhiteElo "1383"]
[BlackElo "1607"]
[Result "0-1"]
[PlyCount "97"]
[EventDate "2013.11.01"]

1. d4 Nf6 2. Bg5 g6 3. Nf3 Bg7 4. Nbd2 d5 5. e3 b6 6. Be2 Bb7 7. O-O O-O 8. c4
Nbd7 9. Rc1 Ne4 10. Nb3 Nxg5 11. Nxg5 e5 12. Nf3 e4 13. Nfd2 c5 14. cxd5 cxd4
15. exd4 Bxd5 16. Bc4 Bxc4 17. Nxc4 Nf6 18. Ne3 Rc8 19. Qd2 Bh6 20. Qe2 Qd7 21.
Rfd1 Nd5 22. Rxc8 Rxc8 23. Ng4 Bg7 24. Qxe4 f5 25. Ne5 Qe6 26. Qe2 Nb4 27. a3
Qxb3 28. axb4 Qxb4 29. d5 Qd6 30. f4 Bf8 31. Nc4 Qc5+ 32. Ne3 Re8 33. Rd3 Qc1+
34. Kf2 Bc5 35. Kf3 Rxe3+ 36. Rxe3 Qxe3+ 37. Qxe3 Bxe3 38. Kxe3 Kf7 39. Kd4 Ke7
40. h3 Kd6 41. g4 b5 42. gxf5 gxf5 43. h4 a5 44. h5 h6 45. b3 a4 46. bxa4 bxa4
47. Kc4 a3 48. Kb3 Kxd5 49. Kxa3 0-1

[Event "XXXI Coppa d'Oro"]
[Site "Villa Guardia ITA"]
[Date "2013.11.01"]
[Round "1"]
[White "Carbone, Lorenzo"]
[Black "Guzzetti, Luigi Enrico"]
[WhiteElo "1541"]
[BlackElo "1887"]
[Result "1/2-1/2"]
[PlyCount "96"]
[EventDate "2013.11.01"]

1. e4 c5 2. Nf3 e6 3. d4 cxd4 4. Nxd4 a6 5. Be2 Nf6 6. Nc3 Qc7 7. a3 Nc6 8. Nb3
Be7 9. O-O d6 10. Be3 Bd7 11. f4 Rc8 12. Qe1 O-O 13. Qg3 Kh8 14. Nd2 e5 15. f5
Nd4 16. Bd3 Bb5 17. Nxb5 axb5 18. Rac1 d5 19. Bxd4 exd4 20. Qxc7 Rxc7 21. e5
Ng4 22. e6 Bg5 23. Rcd1 Be3+ 24. Kh1 Nf2+ 25. Rxf2 Bxf2 26. Bxb5 fxe6 27. fxe6
Re7 28. Bd7 Be3 29. Nf3 g5 30. h3 h5 31. Ne5 Kg7 32. c4 dxc3 33. bxc3 Rf5 34.
Nd3 g4 35. Nb4 Bc5 36. Nxd5 Bxa3 37. Nxe7 Bxe7 38. hxg4 hxg4 39. Kh2 Kf6 40.
Kg3 Kg5 41. Rd4 Kf6 42. Kxg4 Rg5+ 43. Kf3 b6 44. c4 Bc5 45. Rf4+ Ke7 46. Rg4
Rf5+ 47. Rf4 Re5 48. Re4 Rf5+ 1/2-1/2

[Event "XXXI Coppa d'Oro"]
[Site "Villa Guardia ITA"]
[Date "2013.11.01"]
[Round "1"]
[White "Cervini, Gian Piero"]
[Black "Lipari, Alberto"]
[WhiteElo "1828"]
[BlackElo "1531"]
[Result "1-0"]
[PlyCount "53"]
[EventDate "2013.11.01"]

1. e4 g6 2. d4 Bg7 3. Nc3 d6 4. Be2 Bd7 5. Bg5 Nc6 6. Nf3 a6 7. Qd2 Bg4 8. d5
Bxf3 9. dxc6 Bxe2 10. cxb7 Rb8 11. Qxe2 Rxb7 12. Qxa6 Rxb2 13. Nd5 Rxc2 14. Rb1
Rb2 15. O-O Rxb1 16. Rxb1 h6 17. Qc6+ Kf8 18. Rb7 f6 19. Rxc7 Kf7 20. Rc8 Qa5
21. Qe8+ Ke6 22. Nf4+ Ke5 23. Nxg6+ Ke6 24. Nf4+ Ke5 25. Nd3+ Kxe4 26. Qc6+ Qd5
27. f3+ 1-0

[Event "XXXI Coppa d'Oro"]
[Site "Villa Guardia ITA"]
[Date "2013.11.01"]
[Round "1"]
[White "Ciochetta, Giovanni"]
[Black "Cairoli, Camillo"]
[WhiteElo "1574"]
[BlackElo "1937"]
[Result "0-1"]
[PlyCount "112"]
[EventDate "2013.11.01"]

1. e4 Nf6 2. e5 Nd5 3. Nc3 e6 4. Nxd5 exd5 5. Nf3 d6 6. d4 Bg4 7. Be2 Nc6 8. c3
Be7 9. h3 Bh5 10. Bf4 O-O 11. Qb3 dxe5 12. Nxe5 Bxe2 13. Nxc6 bxc6 14. Kxe2 Bg5
15. Be3 Re8 16. Rae1 Rb8 17. Qc2 Bxe3 18. fxe3 Qg5 19. Kd1 Re4 20. Qf2 Qe7 21.
Re2 c5 22. Rhe1 c4 23. Kc1 a5 24. a3 c6 25. g4 Qb7 26. Rf1 f6 27. Qf3 Qb3 28.
Rc2 Rbe8 29. Re1 Qb7 30. Rce2 Qe7 31. Qf5 Qd6 32. Qf3 c5 33. Kd2 Qb6 34. Kc1
Qd6 35. Kd2 Rb8 36. Kc1 Qe7 37. Qf5 Qd6 38. Rd1 cxd4 39. Rxd4 Re5 40. Qf3 Rbe8
41. e4 Qe7 42. Qf1 g6 43. Re3 Kg7 44. Qf4 Qc5 45. Re1 Qc6 46. h4 dxe4 47. Red1
Qe6 48. Rd6 Qf7 49. Qf1 e3 50. Qe2 R8e7 51. R1d4 g5 52. hxg5 fxg5 53. Rxc4 Qf2
54. Kd1 Rf7 55. Rdd4 Qg1+ 56. Kc2 Rf2 0-1

[Event "XXXI Coppa d'Oro"]
[Site "Villa Guardia ITA"]
[Date "2013.11.01"]
[Round "1"]
[White "Fantina, Carla"]
[Black "Squillante, Michele"]
[WhiteElo "1439"]
[BlackElo "1715"]
[Result "0-1"]
[PlyCount "78"]
[EventDate "2013.11.01"]

1. c4 Nf6 2. g3 g6 3. Bg2 c6 4. Nc3 Bg7 5. e3 O-O 6. Nge2 d5 7. O-O dxc4 8. Qc2
Na6 9. a3 Nc5 10. Rd1 Bf5 11. e4 Bc8 12. d4 cxd3 13. Qd2 a5 14. Nf4 Bh6 15. Rb1
e5 16. Ne6 Bxd2 17. Nxd8 Rxd8 18. Bxd2 Kg7 19. b4 axb4 20. axb4 Ne6 21. b5 Nd4
22. bxc6 bxc6 23. f4 Bg4 24. Rf1 exf4 25. gxf4 Ne2+ 26. Kh1 Ra3 27. Nd1 Re8 28.
e5 Nd5 29. Nf2 Bf5 30. Ne4 Ra2 31. Bb4 Ndxf4 32. Nd6 Rb8 33. Bd5 Nxd5 34. Bc5
Rxb1 35. Rxb1 Be6 36. Rd1 Ndf4 37. Ne8+ Kh8 38. Nf6 Rc2 39. Bd6 d2 0-1

[Event "XXXI Coppa d'Oro"]
[Site "Villa Guardia ITA"]
[Date "2013.11.01"]
[Round "1"]
[White "Ghelfi, Giancarlo"]
[Black "Bernocchi, Luca"]
[WhiteElo "1618"]
[BlackElo "1405"]
[Result "1-0"]
[PlyCount "74"]
[EventDate "2013.11.01"]

1. e4 e5 2. Nf3 Nc6 3. Bb5 a6 4. Ba4 Nge7 5. c3 d6 6. h3 Bd7 7. O-O Ng6 8. d4
Be7 9. Re1 O-O 10. Be3 Qe8 11. d5 Nd4 12. Bxd7 Nxf3+ 13. Qxf3 Qxd7 14. Nd2 f5
15. exf5 Rxf5 16. Qg4 Raf8 17. Nf3 Qd8 18. Rad1 Nh4 19. Nxh4 Bxh4 20. Rf1 Bg5
21. Qe2 Bxe3 22. fxe3 Rxf1+ 23. Rxf1 Rxf1+ 24. Qxf1 Qf8 25. Qc4 Qf7 26. Qb3 b5
27. c4 bxc4 28. Qb8+ Qf8 29. Qxc7 h6 30. Qxc4 Qa8 31. Qc6 Qd8 32. Qxa6 Kf7 33.
b4 Ke7 34. Qa7+ Ke8 35. Qxg7 h5 36. Qg8+ Ke7 37. Qxd8+ Kxd8 1-0

[Event "XXXI Coppa d'Oro"]
[Site "Villa Guardia ITA"]
[Date "2013.11.01"]
[Round "1"]
[White "Gonella, Daniele"]
[Black "Zerboni, Giuseppe"]
[WhiteElo "2142"]
[BlackElo "1591"]
[Result "1/2-1/2"]
[PlyCount "137"]
[EventDate "2013.11.01"]

1. e4 e6 2. c4 c5 3. Nf3 Nc6 4. d4 cxd4 5. Nxd4 Nf6 6. Nc3 Bb4 7. Nxc6 bxc6 8.
Bd3 Bxc3+ 9. bxc3 Rb8 10. e5 Ng8 11. O-O Ne7 12. Qg4 Ng6 13. Ba3 Qh4 14. Qe2
Bb7 15. g3 Qh3 16. f4 h5 17. f5 Ne7 18. fxe6 dxe6 19. Qf2 c5 20. Bxc5 Nf5 21.
Bc2 Bc6 22. Rab1 Rc8 23. Rb2 h4 24. Bxf5 exf5 25. Qxf5 Qxf5 26. Rxf5 hxg3 27.
Rg5 gxh2+ 28. Rxh2 Rxh2 29. Kxh2 g6 30. Bd6 Bd7 31. c5 Rc6 32. Rg2 Be6 33. Rb2
Bc8 34. Kg3 Ra6 35. Rb8 Kd7 36. a3 Ra4 37. c6+ Kd8 38. Ra8 Ra6 39. Kf4 Rxc6 40.
Rxa7 Be6 41. Bb4 Kc8 42. Kg5 Bc4 43. Kh6 Kd8 44. Kg7 Kc8 45. a4 g5 46. Ra8+ Kd7
47. Bd6 Ke6 48. Rh8 Ra6 49. Rh6+ Kf5 50. Rf6+ Kg4 51. Rxf7 Bxf7 52. Kxf7 Kf5
53. e6 Rxd6 54. e7 Rf6+ 55. Kg7 Re6 56. Kf7 g4 57. a5 g3 58. a6 Rf6+ 59. Kg8
Rg6+ 60. Kh8 g2 61. e8=Q g1=Q 62. Qd7+ Kg5 63. Qe7+ Kh5 64. Qe5+ Kh6 65. Qf4+
Qg5 66. Qh2+ Qh5 67. Qf4+ Qg5 68. Qh2+ Qh5 69. Qf4+ 1/2-1/2

[Event "XXXI Coppa d'Oro"]
[Site "Villa Guardia ITA"]
[Date "2013.11.01"]
[Round "1"]
[White "Loukili, Ibrahim"]
[Black "Poletto, Daniele"]
[WhiteElo "1455"]
[BlackElo "1745"]
[Result "0-1"]
[PlyCount "102"]
[EventDate "2013.11.01"]

1. e4 c5 2. Nf3 e6 3. d4 cxd4 4. Nxd4 a6 5. Nc3 Qc7 6. Bd3 Nc6 7. Be3 Nf6 8. f3
Ne5 9. O-O Nc4 10. Bxc4 Qxc4 11. Qe2 Qxe2 12. Ndxe2 b5 13. e5 Ng8 14. Ng3 d5
15. exd6 Bxd6 16. f4 Nf6 17. Nce4 Nxe4 18. Nxe4 Be7 19. Bc5 Bxc5+ 20. Nxc5 Bd7
21. Rfe1 Rc8 22. b4 Ke7 23. Rac1 a5 24. a3 axb4 25. axb4 Bc6 26. f5 Bd5 27. Re3
g6 28. fxe6 fxe6 29. Rce1 Rc6 30. c3 Ra8 31. Nd3 Rxc3 32. Nc5 Rxe3 33. Rxe3 Ra2
34. Rg3 Rb2 35. Nd3 Rb3 36. Nf4 Rxb4 37. Nxd5+ exd5 38. Rd3 Ke6 39. Rh3 h5 40.
Re3+ Re4 41. Rxe4+ dxe4 42. Kf2 Ke5 43. Ke3 b4 44. Kd2 Kd4 45. Kc2 e3 46. Kd1
Kd3 47. g4 b3 48. gxh5 gxh5 49. Kc1 e2 50. h4 Kc3 51. Kb1 e1=Q# 0-1

[Event "XXXI Coppa d'Oro"]
[Site "Villa Guardia ITA"]
[Date "2013.11.01"]
[Round "1"]
[White "Nipote, Mario"]
[Black "Paniga, Danilo"]
[WhiteElo "1510"]
[BlackElo "1820"]
[Result "0-1"]
[PlyCount "74"]
[EventDate "2013.11.01"]

1. Nf3 f5 2. g3 g6 3. Bg2 Bg7 4. O-O Nf6 5. d4 d6 6. c4 O-O 7. Nc3 Qe8 8. b3 e5
9. e3 e4 10. Nd2 Nc6 11. Bb2 Nb4 12. Ne2 Nd3 13. Ba3 b6 14. Nc1 Nxc1 15. Rxc1
c5 16. Bb2 Bb7 17. d5 Ng4 18. Bxg7 Kxg7 19. Nb1 Ne5 20. Nc3 Nd3 21. Rc2 Nb4 22.
Rd2 Qe5 23. Ne2 Nd3 24. Nf4 Nxf4 25. gxf4 Qe7 26. f3 exf3 27. Qxf3 Rae8 28. Re2
Qf6 29. Rfe1 Bc8 30. Qf2 Rf7 31. e4 fxe4 32. Rxe4 Rxe4 33. Rxe4 Bf5 34. Re3 Re7
35. Qe1 Qd4 36. Kf2 Qxf4+ 37. Rf3 Qh4+ 0-1

[Event "XXXI Coppa d'Oro"]
[Site "Villa Guardia ITA"]
[Date "2013.11.01"]
[Round "1"]
[White "Primerano, Carlo"]
[Black "Marcantognini, Denis"]
[WhiteElo "1718"]
[BlackElo "1455"]
[Result "0-1"]
[PlyCount "146"]
[EventDate "2013.11.01"]

1. d4 Nf6 2. c4 g6 3. Nc3 Bg7 4. e4 d6 5. f3 O-O 6. Be3 c5 7. dxc5 dxc5 8. Bxc5
Nc6 9. Qxd8 Rxd8 10. Rd1 Be6 11. Nd5 Rd7 12. Bd3 b6 13. Be3 Ne8 14. Rd2 Bxd5
15. cxd5 Nb4 16. Bb1 Nd6 17. Bd4 Rc8 18. Bxg7 Rc1+ 19. Rd1 Rxd1+ 20. Kxd1 Kxg7
21. a3 Na6 22. Ba2 Nc5 23. Kd2 Nb5 24. Ne2 e5 25. Bc4 Nc7 26. b4 N5e6 27. Rc1
b5 28. Ba2 f5 29. Ke3 f4+ 30. Kf2 Ng5 31. Rc6 Nf7 32. Nc1 Nd8 33. Rc2 Kf6 34.
Nd3 Nb7 35. Nc5 Nxc5 36. Rxc5 h5 37. h4 g5 38. Rc6+ Kg7 39. hxg5 Ne8 40. Ke2
Nd6 41. Bb3 Kg6 42. a4 Kxg5 43. axb5 Nxb5 44. Kd3 Nd4 45. Rc3 h4 46. Rc8 Nxb3
47. Rg8+ Kf6 48. Rh8 Rb7 49. Rxh4 Rxb4 50. Kc3 Rb7 51. Rh6+ Kg5 52. Re6 Nc5 53.
Rxe5+ Kg6 54. Kc4 Nd7 55. Rf5 a5 56. d6 a4 57. Ra5 Kf6 58. Kd5 Rb2 59. Kc6 Ke6
60. Ra7 Rc2+ 61. Kb5 Kxd6 62. Rxa4 Rxg2 63. Rd4+ Ke6 64. Kc6 Ne5+ 65. Kc7 Re2
66. Kb7 Nxf3 67. Rd8 Ke5 68. Re8+ Kd4 69. Rg8 Kxe4 70. Re8+ Ne5 71. Kb6 f3 72.
Kb5 f2 73. Rf8 Nf3 0-1

[Event "XXXI Coppa d'Oro"]
[Site "Villa Guardia ITA"]
[Date "2013.11.01"]
[Round "1"]
[White "Revinelli, Sergio"]
[Black "Aldeghi, Damiano"]
[WhiteElo "1818"]
[BlackElo "1461"]
[Result "1-0"]
[PlyCount "103"]
[EventDate "2013.11.01"]

1. e4 e5 2. Nf3 Nc6 3. Bc4 Bc5 4. c3 Nf6 5. d4 exd4 6. cxd4 Bb4+ 7. Nc3 Bxc3+
8. bxc3 Nxe4 9. d5 Ne7 10. Qd4 Nf6 11. O-O O-O 12. Bg5 Nf5 13. Qf4 Nd6 14. Bxf6
Qxf6 15. Qxf6 gxf6 16. Bd3 b6 17. Rfd1 Bb7 18. c4 Rfe8 19. Rab1 a5 20. h3 Ne4
21. Rdc1 Nc5 22. Bf1 Re4 23. d6 cxd6 24. Rxb6 Ra6 25. Rb2 Rc6 26. Nd2 Re5 27.
Nf3 Re4 28. Nd2 Re5 29. f4 Re6 30. Rcb1 Ba6 31. Kf2 Kg7 32. Rd1 Na4 33. Rc2 Nc5
34. Nf3 Ne4+ 35. Kg1 Nc5 36. Nd4 Ne4 37. Nxc6 dxc6 38. Bd3 d5 39. cxd5 cxd5 40.
Bxa6 Rxa6 41. Rxd5 Rb6 42. Rxa5 Ng3 43. Rac5 Rd6 44. R5c4 Rd1+ 45. Kf2 Rd3 46.
Ke1 Re3+ 47. Kd1 Re6 48. a4 Nf1 49. Rc6 Ne3+ 50. Kc1 Nxc2 51. Rxe6 fxe6 52.
Kxc2 1-0

[Event "XXXI Coppa d'Oro"]
[Site "Villa Guardia ITA"]
[Date "2013.11.01"]
[Round "1"]
[White "Rossi, Giampiero"]
[Black "Puppi, Simone"]
[WhiteElo "1905"]
[BlackElo "1556"]
[Result "1-0"]
[PlyCount "85"]
[EventDate "2013.11.01"]

1. d4 Nf6 2. c4 g6 3. g3 Bg7 4. Bg2 O-O 5. Nc3 c6 6. Nf3 d6 7. O-O Bf5 8. Nh4
Qd7 9. Nxf5 Qxf5 10. e4 Qh5 11. Qxh5 Nxh5 12. Be3 f5 13. f4 Nd7 14. e5 Bh6 15.
Rfe1 Rae8 16. Rad1 Nb6 17. b3 Ng7 18. exd6 exd6 19. d5 c5 20. Bf2 Kh8 21. Nb5
Nc8 22. Nc7 Rxe1+ 23. Rxe1 g5 24. fxg5 Bxg5 25. Ne6 Nxe6 26. Rxe6 Bf6 27. Bh3
Be5 28. Bxf5 Rxf5 29. Re8+ Kg7 30. Rxc8 Rf7 31. Re8 Kf6 32. Kg2 Kf5 33. Kf3
Kg5+ 34. Ke2 Kg4 35. Bxc5 Kh3 36. Bxa7 Kxh2 37. g4 Kg3 38. Rg8 Kf4 39. Kd3 Kf3
40. g5 b5 41. Bd4 bxc4+ 42. bxc4 Ra7 43. Bxa7 1-0

[Event "XXXI Coppa d'Oro"]
[Site "Villa Guardia ITA"]
[Date "2013.11.01"]
[Round "1"]
[White "Tavasci, Alfio"]
[Black "Raineri, Valerio"]
[WhiteElo "1589"]
[BlackElo "2109"]
[Result "0-1"]
[PlyCount "90"]
[EventDate "2013.11.01"]

1. d4 Nf6 2. c4 g6 3. Nc3 Bg7 4. e4 d6 5. f3 O-O 6. Be3 e5 7. Nge2 c6 8. Qd2
Na6 9. Rd1 Qe7 10. dxe5 dxe5 11. a3 Be6 12. Ng3 Rfd8 13. Qc2 Nd7 14. b4 h5 15.
Bd3 h4 16. Nf1 Nf6 17. Bg5 Rd7 18. Bxh4 Bh6 19. Bf2 Nh5 20. g3 Bh3 21. Be3 Bg7
22. Bc1 Nc7 23. Ne3 Ne6 24. Qf2 Nd4 25. c5 f5 26. Nc4 Rf8 27. Nd6 fxe4 28. Bxe4
Bg4 29. Qa2+ Be6 30. Qg2 Nf6 31. Bg5 Bb3 32. Rd2 Qe6 33. Bxg6 Nd5 34. Nxd5 Qxg6
35. Ne7+ Rxe7 36. Bxe7 Nxf3+ 37. Ke2 Nxd2 38. Bxf8 Bxf8 39. Qh3 Ne4 40. g4 Be6
41. Qd3 Qxg4+ 42. Qf3 Qxf3+ 43. Kxf3 Nxd6 44. cxd6 Bd5+ 45. Ke3 Bxh1 0-1

[Event "XXXI Coppa d'Oro"]
[Site "Villa Guardia ITA"]
[Date "2013.11.01"]
[Round "1"]
[White "Veri', Giustino"]
[Black "Piccapietra, Matteo"]
[WhiteElo "1713"]
[BlackElo "1422"]
[Result "1-0"]
[PlyCount "105"]
[EventDate "2013.11.01"]

1. d4 Nf6 2. Nf3 g6 3. g3 Bg7 4. Bg2 d5 5. O-O O-O 6. c3 Bf5 7. Nbd2 Qc8 8. Re1
Bh3 9. e4 Bxg2 10. Kxg2 e6 11. Ne5 Nbd7 12. Nxd7 Qxd7 13. e5 Ne8 14. b3 f6 15.
Nf3 fxe5 16. Nxe5 Bxe5 17. Rxe5 Qf7 18. Qe2 Ng7 19. Bh6 Rae8 20. Re1 Re7 21.
Bg5 Ree8 22. f4 Nf5 23. Rxe6 Rxe6 24. Qxe6 Qxe6 25. Rxe6 h6 26. g4 hxg5 27.
gxf5 Rxf5 28. Rxg6+ Kh7 29. Rxg5 Rxf4 30. Rxd5 Rg4+ 31. Kh3 Rg7 32. Rh5+ Kg6
33. Rh4 Re7 34. Rg4+ Kf5 35. Rg3 Kf4 36. a4 Rh7+ 37. Kg2 Rh5 38. Rg7 Rg5+ 39.
Rxg5 Kxg5 40. Kg3 Kf6 41. Kf4 Ke7 42. Ke5 Kd7 43. h4 Ke7 44. d5 a6 45. h5 Kf7
46. d6 cxd6+ 47. Kxd6 Kg7 48. Kc5 Kh6 49. Kb6 Kxh5 50. Kxb7 a5 51. c4 Kg5 52.
c5 Kf6 53. c6 1-0

[Event "XXXI Coppa d'Oro"]
[Site "Villa Guardia ITA"]
[Date "2013.11.01"]
[Round "2"]
[White "Aldeghi, Damiano"]
[Black "Tavasci, Alfio"]
[WhiteElo "1461"]
[BlackElo "1589"]
[Result "0-1"]
[PlyCount "116"]
[EventDate "2013.11.01"]

1. e4 e6 2. Nf3 c5 3. Bc4 Nc6 4. O-O g6 5. c3 Bg7 6. Re1 Nge7 7. d4 cxd4 8.
cxd4 O-O 9. Bd2 Nxd4 10. Nxd4 Bxd4 11. Qb3 Nc6 12. Na3 Qf6 13. Re2 Bxb2 14. Rb1
Nd4 15. Qxb2 Nxe2+ 16. Bxe2 Qxb2 17. Rxb2 b6 18. Bh6 Rd8 19. Nb5 d5 20. exd5
exd5 21. Bg5 Rd7 22. Bf4 a5 23. Rd2 Re7 24. Nc7 Ra7 25. Nxd5 Re6 26. Nc7 Re4
27. Rd8+ Kg7 28. Ne8+ Kf8 29. Bd6+ Rae7 30. Nf6+ Kg7 31. Nxe4 Rxe4 32. Rxc8
Rxe2 33. Kf1 Rxa2 34. Rc3 b5 35. Rb3 b4 36. Bc7 Kf6 37. h3 Ke6 38. g4 Kd5 39.
g5 Kc4 40. Rf3 b3 41. Be5 b2 42. Bxb2 Rxb2 43. Rxf7 a4 44. Rxh7 a3 45. Rc7+ Kb3
46. Rb7+ Kc2 47. Rc7+ Kb1 48. Re7 a2 49. Re1+ Kc2 50. Re2+ Kc3 51. Re3+ Kc4 52.
Ra3 Rb1+ 53. Kg2 a1=Q 54. Rxa1 Rxa1 55. f4 Kd5 56. Kf3 Ke6 57. h4 Kf5 58. Kg3
Ra4 0-1

[Event "XXXI Coppa d'Oro"]
[Site "Villa Guardia ITA"]
[Date "2013.11.01"]
[Round "2"]
[White "Bernocchi, Luca"]
[Black "Nipote, Mario"]
[WhiteElo "1405"]
[BlackElo "1510"]
[Result "1/2-1/2"]
[PlyCount "64"]
[EventDate "2013.11.01"]

1. e4 c6 2. d4 d5 3. e5 c5 4. Nf3 Bg4 5. c3 e6 6. Be2 Nc6 7. O-O Qb6 8. Nbd2
cxd4 9. cxd4 Nxd4 10. Nxd4 Bxe2 11. Qxe2 Qxd4 12. Nb3 Qb6 13. Be3 Qd8 14. Rac1
Ne7 15. Nc5 Rb8 16. f4 a6 17. Nb3 Nf5 18. Bf2 Rc8 19. Rxc8 Qxc8 20. Rc1 Qd7 21.
Qc2 Ne7 22. Bc5 Nc6 23. Bxf8 Kxf8 24. Na5 Ne7 25. Qc7 Qe8 26. Qxb7 g6 27. Rc7
Qb5 28. Qxb5 axb5 29. Rb7 Nf5 30. Rxb5 Kg7 31. Nc6 Rc8 32. Nb4 Rc4 1/2-1/2

[Event "XXXI Coppa d'Oro"]
[Site "Villa Guardia ITA"]
[Date "2013.11.01"]
[Round "2"]
[White "Cairoli, Camillo"]
[Black "Ghelfi, Giancarlo"]
[WhiteElo "1937"]
[BlackElo "1618"]
[Result "1-0"]
[PlyCount "95"]
[EventDate "2013.11.01"]

1. e4 c5 2. Nf3 d6 3. d4 cxd4 4. Nxd4 Nf6 5. Nc3 a6 6. Bg5 e6 7. Be2 Be7 8. Qd2
Nbd7 9. f4 b5 10. Nc6 Qc7 11. Nxe7 Kxe7 12. a3 Re8 13. Rd1 Kf8 14. Qxd6+ Qxd6
15. Rxd6 Bb7 16. Bf3 Nc5 17. Bxf6 gxf6 18. Ke2 f5 19. e5 Bxf3+ 20. Kxf3 Rec8
21. Rhd1 Ne4 22. Nxe4 fxe4+ 23. Kxe4 Rxc2 24. R1d2 Rc4+ 25. Ke3 Kg7 26. g4 h6
27. h3 Rc1 28. Kf2 Rc4 29. Kg3 a5 30. Rb6 b4 31. axb4 Rxb4 32. Rxb4 axb4 33.
Rd4 Rb8 34. Kf3 b3 35. Rd3 Rb4 36. Ke3 Kg6 37. Rd4 Rb5 38. Kd3 h5 39. Kc3 hxg4
40. hxg4 Rb8 41. Rb4 Rh8 42. Kxb3 Rh4 43. f5+ Kg5 44. fxe6 fxe6 45. Re4 Rxg4
46. Rxg4+ Kxg4 47. Kc4 Kf4 48. Kd4 1-0

[Event "XXXI Coppa d'Oro"]
[Site "Villa Guardia ITA"]
[Date "2013.11.01"]
[Round "2"]
[White "Corti, Filippo"]
[Black "Revinelli, Sergio"]
[WhiteElo "1607"]
[BlackElo "1818"]
[Result "0-1"]
[PlyCount "94"]
[EventDate "2013.11.01"]

1. Nf3 Nf6 2. g3 g6 3. Bg2 Bg7 4. O-O O-O 5. d3 d5 6. Nbd2 Re8 7. Re1 c5 8. c4
e5 9. cxd5 Nxd5 10. Ne4 Na6 11. Qb3 Rb8 12. Bd2 h6 13. Rac1 b6 14. a3 Qd7 15.
Rc2 Bb7 16. Rec1 Bc6 17. Qa2 Ba8 18. Nc3 Nac7 19. h4 Kh7 20. Kh2 Rbd8 21. Bh3
Qe7 22. Qb1 Nxc3 23. Bxc3 Bxf3 24. exf3 Rxd3 25. Kg2 Qf6 26. f4 Qc6+ 27. Kh2 e4
28. Bxg7 Kxg7 29. Bf1 Rd6 30. b4 Ne6 31. Qb2+ f6 32. bxc5 Nxc5 33. Bb5 Qc8 34.
Bxe8 Qxe8 35. Qa2 h5 36. Qc4 Qe7 37. Qe2 Kh6 38. Rg1 Rd4 39. g4 Rd3 40. g5+ Kh7
41. Rg3 Qd6 42. Rxd3 exd3 43. Qd2 Ne4 44. Qc1 dxc2 45. Qe3 Qc6 46. gxf6 Qxf6
47. Qxe4 c1=Q 0-1

[Event "XXXI Coppa d'Oro"]
[Site "Villa Guardia ITA"]
[Date "2013.11.01"]
[Round "2"]
[White "Guzzetti, Luigi Enrico"]
[Black "Primerano, Carlo"]
[WhiteElo "1887"]
[BlackElo "1718"]
[Result "1/2-1/2"]
[PlyCount "96"]
[EventDate "2013.11.01"]

1. e4 d5 2. exd5 Qxd5 3. Nf3 Nf6 4. Be2 Bf5 5. O-O e6 6. Re1 Be7 7. d4 c6 8. c4
Qd8 9. Nc3 O-O 10. Bf4 Nbd7 11. Qb3 Qb6 12. Qxb6 axb6 13. a3 Rfe8 14. Rad1 Bf8
15. h3 h6 16. Be3 Ne4 17. Nxe4 Bxe4 18. Rd2 Ra5 19. Red1 Nf6 20. Ne5 Raa8 21.
f3 Bh7 22. h4 Be7 23. g4 Red8 24. f4 Nd7 25. g5 hxg5 26. hxg5 Nxe5 27. dxe5
Rxd2 28. Rxd2 Rd8 29. Rxd8+ Bxd8 30. Kf2 Kf8 31. Bd4 Bf5 32. Ke3 Ke7 33. Bf3 g6
34. Kd2 Kd7 35. b4 Kc7 36. Kc3 Be7 37. c5 b5 38. Kb3 Kb8 39. Bd1 Be4 40. a4
Bd5+ 41. Kc3 bxa4 42. Bxa4 Bd8 43. Kd3 Kc8 44. Kc3 Kb8 45. Kb2 Kc8 46. Kc3 Kd7
47. Bc2 Kc8 48. Bd3 Kd7 1/2-1/2

[Event "XXXI Coppa d'Oro"]
[Site "Villa Guardia ITA"]
[Date "2013.11.01"]
[Round "2"]
[White "Lipari, Alberto"]
[Black "Ambrosoli, Nadia Manuela"]
[WhiteElo "1531"]
[BlackElo "1414"]
[Result "1-0"]
[PlyCount "86"]
[EventDate "2013.11.01"]

1. c4 e6 2. d4 d5 3. e3 Nc6 4. Bd2 Nf6 5. Bd3 Nb4 6. Bxb4 Bxb4+ 7. Nc3 O-O 8.
Qc2 dxc4 9. Bxc4 a6 10. Nf3 b5 11. Bd3 h6 12. O-O c5 13. dxc5 Bxc5 14. Rad1 Qe7
15. Ne4 Ba7 16. Ne5 Bb7 17. Nxf6+ gxf6 18. Bh7+ Kh8 19. Rd7 Qe8 20. Rxb7 fxe5
21. Be4 Rc8 22. Rc7 Rxc7 23. Qxc7 Bb8 24. Qb7 f5 25. Bc6 Qg6 26. Rd1 Rg8 27.
Qe7 e4 28. g3 Be5 29. b3 h5 30. Bd7 Rg7 31. Qxe6 Qxe6 32. Bxe6 f4 33. Rd8+ Kh7
34. Bf5+ Kh6 35. Bxe4 Rg5 36. exf4 Bxf4 37. Kf1 Bc1 38. Rd6+ Kg7 39. Rxa6 b4
40. f4 Rc5 41. Rc6 Rxc6 42. Bxc6 Kg6 43. Ke2 Kf5 1-0

[Event "XXXI Coppa d'Oro"]
[Site "Villa Guardia ITA"]
[Date "2013.11.01"]
[Round "2"]
[White "Marcantognini, Denis"]
[Black "Gonella, Daniele"]
[WhiteElo "1455"]
[BlackElo "2142"]
[Result "0-1"]
[PlyCount "118"]
[EventDate "2013.11.01"]

1. c4 Nf6 2. Nf3 g6 3. g3 Bg7 4. Bg2 O-O 5. O-O Nc6 6. Nc3 d5 7. cxd5 Nxd5 8.
d3 Nxc3 9. bxc3 Bxc3 10. Rb1 Rb8 11. Qb3 Bg7 12. Nd2 Nd4 13. Qd1 Bg4 14. Re1 c6
15. Nb3 Qd7 16. Bb2 Rfd8 17. Nxd4 Bxd4 18. Qd2 e5 19. e3 Bxb2 20. Rxb2 Qxd3 21.
Qxd3 Rxd3 22. Bxc6 b6 23. Bb5 Ra3 24. Rc1 Rc8 25. Rxc8+ Bxc8 26. Rc2 Be6 27.
Rc7 Rxa2 28. Be8 Bd5 29. Kf1 a5 30. e4 Be6 31. Rb7 Rb2 32. Kg2 Bc4 33. Ra7 Kf8
34. Ra8 Kg7 35. h4 Bd3 36. Bc6 h5 37. Bd5 Rb4 38. Kf3 Bc4 39. Rb8 Rb3+ 40. Kg2
Bxd5 41. exd5 Rd3 42. Rxb6 Rxd5 43. Ra6 e4 44. Kf1 f6 45. Ke2 g5 46. hxg5 fxg5
47. Re6 a4 48. Rxe4 Ra5 49. Kf3 a3 50. Re1 a2 51. Ra1 Ra4 52. Kg2 Kf6 53. f3
Ra3 54. Kf2 Ke5 55. Kg2 Kd4 56. f4 gxf4 57. gxf4 Kc3 58. f5 Kb2 59. f6 Kxa1 0-1

[Event "XXXI Coppa d'Oro"]
[Site "Villa Guardia ITA"]
[Date "2013.11.01"]
[Round "2"]
[White "Mason, Giovanni"]
[Black "Loukili, Ibrahim"]
[WhiteElo "1580"]
[BlackElo "1455"]
[Result "1-0"]
[PlyCount "45"]
[EventDate "2013.11.01"]

1. e4 e5 2. Bc4 Nf6 3. d3 Bc5 4. Bg5 h6 5. Bh4 d6 6. h3 Nc6 7. Nc3 a6 8. a3 O-O
9. g4 Qe8 10. Bxf6 gxf6 11. Qd2 Kh7 12. f4 Rg8 13. Nd5 Qe6 14. Nxc7 Qe7 15. Nd5
Qe8 16. Nxf6+ Kg7 17. Nxe8+ Rxe8 18. f5 h5 19. Nf3 Nd4 20. Nxd4 Bxd4 21. c3 Bc5
22. Bd5 f6 23. g5 1-0